000 01577nam0a2200313 4500
001 RU\NLR\bibl\1399432
005 20250615203619.0
010 _a978-5-7890-0457-9
_9500
021 _aRU
_b2009-45454
_92765
035 _a(NLR Aleph) 001391444
090 _a1164778
_c1164778
100 _a20090810d2008 |||y0rusy50 ca
101 0 _arus
102 _aRU
105 _aa |||||||||
200 1 _aМашины для возделывания сельскохозяйственных культур
_eучебное пособие
_eдля студентов машиностроительных специальностей
_fИ.В. Игнетенко, Ю.И. Ермольев
_gФедер. агентство по образованию, Гос. образоват. учреждение высш. проф. образования Дон. гос. техн. ун-т
210 _aРостов-на-Дону
_cИздательский центр ДГТУ
_d2008
215 _a373 с.
_cил.
_d21
320 _aБиблиогр. в конце частей
606 1 _aПочвообрабатывающие машины и орудия
_jУчебные издания для высших учебных заведений
_91170709
_3RU\NLR\auth\66152026
686 _aП072.2я73
700 1 _aИгнатенко
_bИ. В.
_gИван Васильевич
_4070
701 1 _aЕрмольев
_bЮ. И.
_gЮрий Иванович
_4070
801 0 _aRU
_bNLR
_c20090810
_gRCR
801 1 _aRU
_bNLR
_c20090810
830 _aпо кн
942 _cBOOK
980 _aNB